Name that Lake - Statistics

General Stats
  • This quiz has been taken 20 times
  • The average score is 14 of 25
Answer Stats
Clue Lake % Correct
6) Largest of the Great Lakes Superior
100%
7) Cleveland, Ohio sits on this Great lake Erie
95%
16) The capital of Utah sits on this large salty lake Great Salt Lake
95%
1) The only Great lake located entirely withinthe US Michigan
95%
2) The largest lake in Africa Victoria
95%
5) Deepest lake in the world Baikal
90%
21) Referred mostly as a sea, but also a lake, it is the largest inland body of water in the world Caspian
90%
11) Worlds saltiest "lake" and the lowest below sea level on the Israel-Jordan line Dead Sea
90%
20) Large lake on the Swiss-France border with a city of the same name Geneva
85%
18) Lake on the US-Canada border with a provinceof the same name Ontario
85%
3) Large lake on the California-Nevadaborder Tahoe
85%
12) Highest elevation lake in the world,over 12,000 ft Titicaca
80%
24) Large lake north of Manitobas capital with the same name Winnipeg
75%
17) This Oregon lake is the deepest in the US Crater
50%
22) Largest lake in Australia, within the remoteoutback of SA Eyre
45%
8) Largest lake in Florida Okeechobee
35%
19) Largest lake in Europe Ladoga
30%
4) Hoover Dam draws from this reservoir Mead
30%
25) This large "lake" to the north of New Orleans is actually an estuary Pontchartrain
25%
9) This lake on the Tibetan plateau is Chinas largest Qinghai
10%
15) Large lake in remote NW Montana, one ofthe cleanest in the world Flathead
0%
13) Western Arizona lake and waterfall on the native reservation of the same name Havasu
0%
10) This lake in western Australia is knownfor its distinct pink color Hillier
0%
23) The largest lake in Alaska Iliamna
0%
14) Glacial lake in Canadas Banff National Park Moraine
0%
No matching quizzes found
Score Distribution
Percent of People with Each Score
Percentile by Number Answered
Your Score History
You have not taken this quiz